| 000 | 00615nam a2200181 a 4500 | ||
|---|---|---|---|
| 001 | 000040963 | ||
| 005 | 20250924073803.0 | ||
| 008 | 130912s1999 dr a 000 0 spa d | ||
| 040 |
_aDO-SdBNP _bspa _cBNPHU |
||
| 082 |
_axxx _bxxxx |
||
| 245 | 0 | 0 |
_aPrograma salud y sociedad II. : _bSAP-104. |
| 260 |
_aSanto Domingo : _bUniversitaria, _c1999. |
||
| 300 |
_a277 p. : _bil. ; _c28 cm. |
||
| 490 | 1 |
_aSalud y sociedad _v89 |
|
| 490 | 1 | _aPublicaciones de la Universidad Autónoma de Santo Domingo | |
| 830 | 0 |
_aSalud y sociedad _v89 _913999 |
|
| 830 |
_aPublicaciones de la Universidad Autónoma de Santo Domingo _v853 _952 |
||
| 999 |
_c40453 _d40453 |
||